|
|
|
|
| LEADER |
01082nam a2200277 a 4500 |
| 001 |
31984 |
| 003 |
BD-DhAAL |
| 005 |
20170806110135.0 |
| 008 |
170806s1991 ctu b 001 0 eng |
| 999 |
|
|
|c 38249
|d 38249
|
| 010 |
|
|
|a 90022752
|
| 020 |
|
|
|a 0300049994
|
| 040 |
|
|
|a DLC
|c DLC
|d DLC
|d BD-DhAAL
|
| 082 |
0 |
0 |
|a 720.1
|2 20
|
| 100 |
1 |
|
|a Pelt, R. J. van
|q (Robert Jan),
|d 1955-
|9 21979
|
| 245 |
1 |
0 |
|a Architectural principles in the age of historicism /
|c Robert Jan van Pelt & Carroll William Westfall.
|
| 260 |
|
|
|a New Haven :
|b Yale University Press,
|c c1991.
|
| 300 |
|
|
|a ix, 417 p. ;
|c 24 cm.
|
| 504 |
|
|
|a Includes bibliographical references (p. [383]-406) and index.
|
| 526 |
|
|
|a ARC
|
| 541 |
|
|
|e 31984
|
| 650 |
|
0 |
|a Architecture
|x Philosophy.
|9 21980
|
| 650 |
|
0 |
|a Architecture
|x Historiography.
|9 21981
|
| 700 |
1 |
|
|a Westfall, Carroll William.
|9 21982
|
| 942 |
|
|
|2 ddc
|c BK
|
| 952 |
|
|
|0 0
|1 0
|2 ddc
|4 0
|6 720_100000000000000_PEL
|7 0
|9 60981
|a BRACUL
|b BRACUL
|c GEN
|d 2017-07-31
|e Development Book Agency
|g 6388.00
|l 3
|m 2
|o 720.1 PEL
|p 3010031984
|r 2022-09-14
|s 2022-09-11
|t 1
|v 6388.00
|w 2017-07-31
|y BK
|